The finite element method using MATLAB / (Record no. 1208)
[ view plain ]
| 000 -LEADER | |
|---|---|
| fixed length control field | 00366 a2200109 4500 |
| 020 ## - INTERNATIONAL STANDARD BOOK NUMBER | |
| International Standard Book Number | 0849396530 (alk. paper) |
| 082 ## - DEWEY DECIMAL CLASSIFICATION NUMBER | |
| Classification number | 624.1702855 KNO |
| 100 ## - MAIN ENTRY--PERSONAL NAME | |
| Personal name | Kwon, Young W. |
| 245 ## - TITLE STATEMENT | |
| Title | The finite element method using MATLAB / |
| Statement of responsibility, etc. | Young W. Kwon, Hyochoong Bang. |
| 260 ## - PUBLICATION, DISTRIBUTION, ETC. | |
| Place of publication, distribution, etc. | Boca Raton : |
| Name of publisher, distributor, etc. | CRC Press, |
| Date of publication, distribution, etc. | c1997. |
| 300 ## - PHYSICAL DESCRIPTION | |
| Extent | 519 p. : |
| Other physical details | ill. ; |
| Dimensions | 26 cm. + |
| 650 ## - SUBJECT ADDED ENTRY--TOPICAL TERM | |
| Topical term or geographic name entry element | Finite element method |
| General subdivision | Data processing. |
| Withdrawn status | Lost status | Damaged status | Not for loan | Permanent Location | Current Location | Shelving location | Date acquired | Total Checkouts | Full call number | Barcode | Date last seen | Date last checked out | Price effective from | Koha item type |
|---|---|---|---|---|---|---|---|---|---|---|---|---|---|---|
| School of Civil and Environmental Engineering (SCEE) | School of Civil and Environmental Engineering (SCEE) | 1 | 624.1702855 KNO | NIT-4144 | 09/29/2020 | 01/20/2020 | 01/05/2017 | Book |
